000 01933nam0 2200445 ib4500
001 BY-MI0001-br8961578
010 ^a978-5-378-35640-9
^bв переплете
^d17.32 р.
035 ^a(BY-MI0001)BY-MI0001-br8961578
100 ^a20251216d2025 d y0rusy50 ca
101 0 ^arus
102 ^aRU
105 ^aa z 000oy
109 ^ama
200 1 ^aСеребряное копытце
^e[для среднего школьного возраста]
^fПавел Бажов
^g[художник С. Болотная]
210 ^aРостов-на-Дону
^cПроф-Пресс
^d2025
215 ^a126, [1] с.
^cил.
^d20 см
225 1 ^aВнеклассное чтение
300 ^aПроизведения печатаются без сокращений
333 ^a0+
345 ^94000 экз.
464 1 ^12001
^aОгневушка-поскакушка
464 1 ^12001
^aГолубая змейка
464 1 ^12001
^aКаменный цветок
464 1 ^12001
^aМедной горы хозяйка
608 ^aСКАЗКА
^3BY-NLB-ar30342
^2BYGNR
606 ^aХУДОЖЕСТВЕННАЯ ЛИТЕРАТУРА
^3BY-NLB-ar37179
^2DVNLB
606 ^aРУССКАЯ ЛИТЕРАТУРА
^3BY-NLB-ar28702
^2DVNLB
686 ^a84(2=411.2)6 ср.
^2rubbk
690 ^a1
^2Base
^9BY-MI0001
^xRSEK
701 1 ^aБолотная
^bС. Е.
^gСветлана Е.
^cхудожник
^3BY-SEK-ar2103966
700 1 ^aБажов
^bП. П.
^gПавел Петрович
^cписатель
^f1879–1950
^3BY-NLB-ar2272851
801 0 ^aBY
^bBY-MI0001
^c20251216
^gRCR
899 0 ^aBY-MI0001
^iБ16
^h84(2=411.2)6